000 00440nam a22001817a 4500
003 MPLRDC
005 20220104144242.0
008 210129b ||||| |||| 00| 0 eng d
082 _a859.4 SJGG v.3 c.2
100 _a星灿编
245 _a善良的牧童
_c
250 _a初版
260 _a
_b大众书局
_c2002
300 _b
490 _a世界各国童话集锦
650 _a童话故事
942 _cBK
_o859.4 SJGG v.3 c.2
999 _c47825
_d47815